000 01595nam a2200373 a 4500
001 ebr10522074
003 CaPaEBR
006 m u
007 cr cn|||||||||
008 111101s2011 enk sbq 001 0deng d
010 _z 2011284711
020 _z9781848855878 (hbk.)
020 _z1848855877 (hbk.)
020 _z9780857720283 (e-book)
040 _aCaPaEBR
_cCaPaEBR
035 _a(OCoLC)771999529
050 1 4 _aPN1998.3.H58
_bE45 2011eb
082 0 4 _a791.430233092
_222
100 1 _aElliott, Paul.
245 1 0 _aHitchcock and the cinema of sensations
_h[electronic resource] :
_bembodied film theory and cinematic reception /
_cPaul Elliott.
260 _aLondon ;
_aNew York :
_bI.B. Tauris :
_bDistributed in U.S. exclusively by Palgrave Macmillan,
_c2011.
300 _a231 p.
490 1 _aInternational library of visual culture ;
_vv. 2
504 _aIncludes bibliographical references and index.
504 _aIncludes filmography.
505 0 _apt. 1. The theory -- pt. 2. The films.
533 _aElectronic reproduction.
_bPalo Alto, Calif. :
_cebrary,
_d2013.
_nAvailable via World Wide Web.
_nAccess may be limited to ebrary affiliated libraries.
600 1 0 _aHitchcock, Alfred,
_d1899-1980
_xCriticism and interpretation.
650 0 _aSenses and sensation in motion pictures.
655 7 _aElectronic books.
_2local
710 2 _aebrary, Inc.
830 0 _aInternational library of visual culture ;
_vv. 2.
856 4 0 _uhttp://site.ebrary.com/lib/rucke/Doc?id=10522074
_zAn electronic book accessible through the World Wide Web; click to view
999 _c238376
_d238376